The Market for private label : Italy.
| Format: | Book |
|---|---|
| Published: |
London:
Euromonitor,
1995.
|
| Subjects: |
| LEADER | 00483cam a2200169 7i4500 | ||
|---|---|---|---|
| 001 | 0000006355 | ||
| 005 | 19991025090000.0 | ||
| 002 | ##000008037 | ||
| 020 | 0 | 0 | |a T000006156 |
| 090 | 0 | 0 | |a ITAL 658.564 |b MAR |
| 245 | 0 | 0 | |a The Market for private label : |b Italy. |
| 260 | 0 | 0 | |a London: |b Euromonitor, |c 1995. |
| 300 | 0 | 0 | |a [v.p]. |
| 500 | 0 | 0 | |a Report No. 18.6/Section 3 |
| 650 | 0 | 0 | |a Labels, private -- |x Market surveys |
| 651 | 0 | 0 | |a Italy |
| 999 | |a 0000009433 |b Book |c Open shelf |e Business Information Centre | ||